Online
Catalog

Bajo el acoso / (Record no. 45714)

MARC details
000 -CABECERA
campo de control de longitud fija 00675nam a2200193 a 4500
001 - NÚMERO DE CONTROL
campo de control 000046225
005 - FECHA Y HORA DE LA ÚLTIMA TRANSACCIÓN
campo de control 20240305125740.0
008 - DATOS DE LONGITUD FIJA--INFORMACIÓN GENERAL
campo de control de longitud fija 150708s1987 dr 000 j spa d
040 ## - FUENTE DE LA CATALOGACIÓN
Centro catalogador/agencia de origen DO-SdBNP
Lengua de catalogación spa
Centro/agencia transcriptor BNPHU
082 ## - NÚMERO DE LA CLASIFICACIÓN DECIMAL DEWEY
Número de clasificación xxxx
Número de documento/Ítem xxxx
100 1# - ENTRADA PRINCIPAL--NOMBRE DE PERSONA
Nombre de persona García Romero, Rafael,
Fechas asociadas al nombre 1957-
9 (RLIN) 1671
245 10 - MENCIÓN DE TÍTULO
Título Bajo el acoso /
Mención de responsabilidad, etc. Rafael García Romero ; prólogo Hamlet Hermann.
250 ## - MENCIÓN DE EDICIÓN
Mención de edición 2ª ed.
260 ## - PUBLICACIÓN, DISTRIBUCIÓN, ETC.
Lugar de publicación, distribución, etc. Santo Domingo :
Nombre del editor, distribuidor, etc. Mambrú,
Fecha de publicación, distribución, etc. 1987.
300 ## - DESCRIPCIÓN FÍSICA
Extensión 93 p. ;
Dimensiones 21 cm.
500 ## - NOTA GENERAL
Nota general Incluye datos biográficos del autor en la solapa de la contracubierta.
586 ## - NOTA DE PREMIOS
Nota de premios Premio nacional de cuentos casa de teatro, 1986.
700 12 - PUNTO DE ACCESO ADICIONAL--NOMBRE DE PERSONA
Nombre de persona Hamlet, Hermann,
Fechas asociadas al nombre 1934-2016
Término indicativo de función/relación pról.
9 (RLIN) 36649
Holdings
Estado de retiro Estado de pérdida No para préstamo Código de colección Localización permanente Ubicación/localización actual Ubicación en estantería Fecha de adquisición Número de inventario Total de préstamos Signatura topográfica completa Código de barras Fecha visto por última vez Precio válido a partir de Tipo de ítem Koha Nota pública
    Excluido de préstamo Patrimonio Dominicano Patrimonio Dominicano Patrimonio Dominicano En catalogación 08.07.2015 LF1   xxxx xxxx 46225-10 25.06.2020 25.06.2020 Libro y Folleto Colección Patrimonio Dominicano Perteneció a la biblioteca personal de Chiqui Vicioso / Fidelio Despradel.

Powered by Koha